[Event "Pfalz-ch Seniors 87th"]
[Site "Landau"]
[Date "2018.03.25"]
[Round "3"]
[White "Herzog, Robert"]
[Black "Mang, Willi"]
[Result "1-0"]
[WhiteElo "1367"]
[BlackElo "1231"]
[PlyCount "66"]
[EventDate "2018.03.23"]
[EventType "swiss"]
[EventRounds "7"]
[EventCountry "GER"]
[SourceTitle "EXT 2019"]
[Source "ChessBase"]
[SourceDate "2018.10.10"]
[SourceVersion "1"]
[SourceVersionDate "2018.10.10"]
[SourceQuality "1"]

1. e4 c5 2. Nf3 d6 3. Nc3 Nc6 4. d3 Nf6 5. Be2 e5 6. Nd5 Nxd5 7. exd5 Ne7 8. c4 b5 9. 0-0 bxc4 10. dxc4 Bf5 11. Nd2 Ng6 12. g3 Bh3 13. Re1 Nf4 14. Bg4 Bxg4 15. Qxg4 Ng6 16. Qd1 Be7 17. Qa4+ Kf8 18. Nf3 h6 19. Qc2 Bg5 20. Nxg5 hxg5 21. Qf5 Qc8 22. Qxc8+ Rxc8 23. Bxg5 Rh5 24. Be3 Ke7 25. Kg2 Rch8 26. h4 Kf8 27. b4 Nxh4+ 28. gxh4 Rxh4 29. Rh1 Rg4+ 30. Kf3 Rgh4 31. Rxh4 Rxh4 32. bxc5 e4+ 33. Kg3 Rh8 1-0

[Event "Pfalz-ch Seniors 87th"]
[Site "Landau"]
[Date "2018.03.24"]
[Round "2"]
[White "Link, Alwin"]
[Black "Herzog, Robert"]
[Result "1-0"]
[WhiteElo "1471"]
[BlackElo "1367"]
[PlyCount "119"]
[EventDate "2018.03.23"]
[EventType "swiss"]
[EventRounds "7"]
[EventCountry "GER"]
[SourceTitle "EXT 2019"]
[Source "ChessBase"]
[SourceDate "2018.10.10"]
[SourceVersion "1"]
[SourceVersionDate "2018.10.10"]
[SourceQuality "1"]

1. e4 e5 2. Nf3 d6 3. d4 exd4 4. Nxd4 Nf6 5. Bd3 Be7 6. 0-0 c6 7. Nc3 Nbd7 8. Nf5 0-0 9. Re1 Ne5 10. Nxe7+ Qxe7 11. Bg5 Nxd3 12. Qxd3 Qe5 13. Bxf6 Qxf6 14. Rad1 Be6 15. Qxd6 Rad8 16. Qg3 Rxd1 17. Rxd1 Rd8 18. Rxd8+ Qxd8 19. Qd3 Qc7 20. a3 h6 21. b3 Qa5 22. a4 a6 23. h3 b5 24. Kh2 bxa4 25. Nxa4 Qe5+ 26. Kg1 Qa1+ 27. Qf1 Qd4 28. Qe1 c5 29. Qc3 Qb4 30. Qxb4 cxb4 31. Nc5 Bc8 32. f4 f6 33. Kf2 Kf7 34. Ke3 Ke7 35. Kd4 g5 36. fxg5 fxg5 37. Nd3 a5 38. Kc5 g4 39. hxg4 Bxg4 40. Kb5 Bd1 41. Ne1 Ke6 42. Kxa5 Ke5 43. Kxb4 Kxe4 44. c4 Ke3 45. c5 Kf2 46. Nd3+ Kxg2 47. Ne5 Bc2 48. Ng4 Kg3 49. Nxh6 Kf4 50. Kc3 Be4 51. Kd4 Bc6 52. Nf7 Kf5 53. Ne5 Bh1 54. b4 Ke6 55. b5 Ke7 56. b6 Kd8 57. c6 Kc8 58. Kc5 Bg2 59. Nf7 Kb8 60. c7+ 1-0

[Event "Rheinland Pfalz op 5th"]
[Site "Worms"]
[Date "2013.05.30"]
[Round "2"]
[White "Daitche, Josef"]
[Black "Herzog, Robert"]
[Result "0-1"]
[WhiteElo "1763"]
[BlackElo "1456"]
[PlyCount "89"]
[EventDate "2013.05.30"]
[EventType "swiss"]
[EventRounds "7"]
[EventCountry "GER"]
[SourceTitle "EXT 2014"]
[Source "ChessBase"]
[SourceDate "2013.11.20"]
[SourceVersion "1"]
[SourceVersionDate "2013.11.20"]
[SourceQuality "1"]

1. Nf3 e6 2. c4 Nf6 3. Nc3 d6 4. d4 Be7 5. e4 Nbd7 6. e5 Ng8 7. Bd3 dxe5 8. dxe5 Nc5 9. Be2 Qxd1+ 10. Nxd1 b6 11. Nc3 Bb7 12. 0-0 c6 13. b4 Nd7 14. a3 f6 15. Nd4 Kf7 16. f4 c5 17. Ndb5 a6 18. Nd6+ Bxd6 19. exd6 Nh6 20. Be3 Nf5 21. Bf2 Nxd6 22. Rad1 Ke7 23. Na4 Bc6 24. Nxb6 Nxb6 25. bxc5 Ne4 26. cxb6 Rab8 27. Be3 Nc3 28. Rd2 Rhd8 29. Rxd8 Rxd8 30. Bf3 Ne4 31. Rb1 f5 32. Kf1 Bb7 33. Rb2 Rd3 34. Bxe4 fxe4 35. Ke2 Kf6 36. Bc5 Kf5 37. g3 Rc3 38. Bd4 Rxa3 39. Bxg7 Ra4 40. Rc2 Rb4 41. c5 Bc6 42. h3 h5 43. Rc3 a5 44. Kd2 a4 45. Ra3 0-1